Wertvollste österreichische Marken - Statistiken

Allgemein
  • Dieses Quiz wurde 1.985 mal gespielt
  • Das Durchschnittsergebnis liegt bei 5 aus 10
Antwortstatistiken
Branche Marke % Korrekt
Getränkeproduktion Red Bull
90%
Eisenbahnunternehmen ÖBB
68%
Einzelhandel Spar
64%
Kristallglas Swarovski
60%
Bank Raiffeisen
59%
Möbeleinzelhandel XXXLutz
48%
Erdöl und -gas OMV
42%
Bank Erste Group
36%
Glücksspiel Novomatic
20%
Handel Signa Retail
2%
Keine übereinstimmenden Quizze gefunden
Verteilung der Resultate
Anzahl Personen mit jedem Resultat
Perzentil nach korrekt beantworteten Fragen
Ihre Resultats-Entwicklung
Sie haben dieses Quiz noch nicht gespielt